| 000 | 00736nam a2200217 a 4500 | ||
|---|---|---|---|
| 005 | 20221104063712.0 | ||
| 008 | 051013s19882002mx r 000 0 spa d | ||
| 020 | _a9682425441 | ||
| 035 | _aUPN01000140634 | ||
| 049 | _aCG | ||
| 050 | 4 |
_aHD69 T5.4 _bE5.2 |
|
| 100 | 1 | _aEngstrom, Ted W. | |
| 245 | 1 | 0 |
_aCómo aprovechar el tiempo : _bnormas prácticas relativas al uso eficaz del tiempo / _cTed W. Engstrom, R. Alec Mackenzie. |
| 260 |
_aMéxico : _bTrillas, _c1988 (2002, 2007, impr.) |
||
| 300 | _a162 p. | ||
| 590 | _aBibliografía Básica (BGTQ) | ||
| 590 | _a(También localizas un ejemplar en el "Area de Reserva") | ||
| 650 | 2 |
_aAdministración del tiempo _9363 |
|
| 700 | 1 |
_aMackenzie, R. Alec, _ecoaut. |
|
| 905 | _aLibro | ||
| 999 |
_c112782 _d112782 |
||